000 00622nam a2200217Ia 4500
005 20260429111957.0
008 260429s9999||||xx |||||||||||||| ||und||
020 _a9789811293771
041 _aEnglish
082 _a658.4033
_bBAR
100 _aBarton, Russell R
245 0 _aPredictive analytics for business using R /
_cRussell R Barton
260 _aSingapore :
_bWorld Scientific Publishing,
_c2025.
300 _axxiv, 437 p.; hb
650 _a Decision making
650 _a Executive management
650 _a R programming
650 _a Statistical programming
650 _aManagement
942 _cTB
999 _c51710
_d51710